Geography Quiz

Random Geography or State Quiz

Hidden Neighbors of Arkansas Quiz Stats

 Plays Quiz Updated Oct 22, 2018

Score 0/6 Timer 00:45
11 Plays Today
% Correct
Missouri
91.4%
Oklahoma
88.7%
Mississippi
88.5%
Texas
86%
Louisiana
82.3%
Tennessee
74.2%

You're not logged in!

Compare scores with friends on all Sporcle quizzes.
OR
Log In

Show Comments

Extras

Top Quizzes Today


Score Distribution

Your Account Isn't Verified!

In order to create a playlist on Sporcle, you need to verify the email address you used during registration. Go to your Sporcle Settings to finish the process.

Report this User

Report this user for behavior that violates our Community Guidelines.

Details: